| 000 | 00546nam a22001937a 4500 | ||
|---|---|---|---|
| 003 | OSt | ||
| 005 | 20180116183036.0 | ||
| 008 | 160216b xxu||||| |||| 00| 0 eng d | ||
| 020 | _a9781784151423 | ||
| 040 | _c0 | ||
| 082 | _a658.15 CIMA 2014 | ||
| 100 | _aCIMA | ||
| 110 | _aCIMA | ||
| 245 |
_aCIMA E.Kit E 2 Project and Relationship Management _bCIMA Official Exam Practice Kit _cCIMA |
||
| 260 |
_aUK _bKAPLAN Publishing _c2014 |
||
| 300 |
_a84 p. _bPK |
||
| 440 | _aCIMA E.Kit E 2 Project and Relationship Management | ||
| 942 |
_2ddc _cBK |
||
| 999 |
_c351155 _d351155 |
||